| 000 | 01187cam a2200313 a 4500 | ||
|---|---|---|---|
| 001 | 013433452 | ||
| 003 | Uk | ||
| 005 | 20070517213558.0 | ||
| 008 | 050822s2006 nyua b 001 0 eng | ||
| 020 | _a0765614723 | ||
| 020 | _a0765614731 | ||
| 040 |
_aDLC _cDLC _dBAKER _dC#P _dNLGGC _dDLC _dUk |
||
| 082 | 0 | 0 |
_a333.7 _222 _bHAC |
| 100 | 1 |
_aHackett, Steven C., _d1960- _930206 |
|
| 245 | 1 | 0 |
_aEnvironmental and Natural Resources Economics : _bTheory, Policy, and the Sustainable Society / _cSteven C. Hackett. |
| 250 | _a3rd ed. | ||
| 260 |
_aArmonk, N.Y. ; _aLondon : _bM.E. Sharpe, Inc., _c2006. |
||
| 300 |
_axxiii, 524 p. : _bill. ; _c24 cm. |
||
| 504 | _aIncludes bibliographical references and index. | ||
| 650 | 0 |
_aEnvironmental economics. _930207 |
|
| 650 | 0 |
_aEnvironmental policy. _930208 |
|
| 650 | 0 |
_aNatural resources. _930209 |
|
| 650 | 0 |
_aSustainable development. _930210 |
|
| 653 |
_bEco _cJune2012 |
||
| 942 |
_2ddc _cBB |
||
| 999 |
_c16790 _d16790 |
||